El tema de la muerte en la historiografía /

Detalles Bibliográficos
Autor principal: Angulo Escudero, Salvador
Formato: Analitica de revista
Lenguaje:inglés
Publicado: Santiago, Chile Universidad Ciencias de la Informática 2005

MARC

LEADER 00000cab a2200000 a 4500
001 024465
003 UAHC_CL
005 20170803122355.0
008 060307b xx j 000 1 eng
040 |a UAHC_CL  |c UAHC_CL  |d UAHC_CL 
100 1 |a Angulo Escudero, Salvador 
245 1 3 |a El tema de la muerte en la historiografía /  |c Salvador Angulo Escudero. 
260 |b Universidad Ciencias de la Informática  |c 2005  |a Santiago, Chile 
300 |a pp. 59-71 
500 |a En: Akademeia. vol. 5, no. 2, diciembre 2005. 
759 |a PP005 
773 0 |t Akademéia  |w 024464 
900 |a AKADEMEIA-02/05 
942 |c REVA 
952 |0 0  |1 0  |4 0  |6 AKADEMEIA_02_05_000000000000000  |7 0  |8 General  |9 48941  |a BC  |b BC  |c General  |d 2017-08-03  |l 0  |o AKADEMEIA-02/05  |p FICTICIO124  |r 2019-01-08 00:00:00  |t 1  |w 2017-08-03  |y REVA 
999 |c 24465  |d 24465